000 01568nam a22003977a 4500
003 CHAP
005 20220329143327.0
008 080818s2007 mx a r 00010 spa d
010 _a95036
011 _a96008
035 _a106647
040 _cCHAP
090 _aTesis
100 1 _aGarcía López, Iracema.
_946216
245 1 3 _aEl Mercado del maíz cacahuacintle en la central de abasto (CEDA) del Distrito Federal
_c/por Iracema García López
260 _aChapingo, Méx. :
_bEl autor,
_c2007
300 _aiv, 77 h. :
_bilus., gráfs.
502 _aTesis (Lic. en Administración de Empresas Agropecuarias) -- UACH. División de Ciencias Económico Administrativas
530 _aTambién disponible en línea
590 _aALEPH
_b10
_c20130110
_lUCH01
_h1523
590 _aBATCH-UPD
_b10
_c20130110
_lUCH01
_h0609
590 _aBATCH-UPD
_b10
_c20130410
_lUCH01
_h0251
590 _aBATCH-UPD
_b10
_c20130914
_lUCH01
_h1529
590 _aBATCH-UPD
_b10
_c20140324
_lUCH01
_h1506
590 _aBATCH-UPD
_b10
_c20141002
_lUCH01
_h0836
590 _aCONVERSION
_b10
_c20130109
_lUCH01
_h1353
650 1 4 _aMaíz cacahuacintle.
_971105
650 1 4 _aMaíz
_xAspectos económicos
_xMéxico (D.F.)
_970875
650 1 4 _aMaíz
_xComercialización.
_970907
650 1 4 _aMaíz
_xMercadeo.
_971007
856 _3Finding aid
_uhttp://10.13.5.2/tesis/106647.pdf
_zTeclea aqui
901 _aBK
942 _cFOLL
949 _aTesis
_bBC
_cTES
_d33724002067223
_eTS1
_gDonaciØn
_h47908
_i106647
_sb
949 _aTesis
_bBC
_cTES
_d33724002067264
_eTS2
_fc.2
_gDonaciØn
_h47909
_i106647
_sb
999 _c95036
_d95036